000 00619nam a2200229Ia 4500
001 9249
003 GE_BSU
008 181216s||||||||xx |||||||||||||| ||und||
040 _cGE_BSU
080 _a821.353.1-31
100 _aლორია,პარმენ
245 _aნაირა
245 _bრომანი
245 _cრედ:ლ.ბეჟანიძე;მხატვ:რ.ლომიძე
260 _aბათუმი.
260 _bაჭარა
260 _c1992
300 _a220გც;17სმ.
653 _aნაირა
653 _aრომანი
942 _cBK
999 _c42551
_d42551